Geography Quiz

Random Geography or State Quiz

Alabama Cities by Letter Quiz Stats

 Plays Quiz not verified by Sporcle

Challenge
Share
Tweet
Embed
Score 0/99 Timer 10:00
0 Plays Today
Hint Answer % Correct
BBirmingham
95.7%
MMontgomery
95.7%
MMobile
87.2%
TTuscaloosa
83%
HHuntsville
80.9%
AAuburn
78.7%
HHoover
72.3%
GGadsden
68.1%
AAnniston
61.7%
DDothan
61.7%
DDecatur
57.4%
FFlorence
57.4%
OOpelika
57.4%
SSelma
53.2%
BBessemer
46.8%
JJackson
46.8%
MMadison
44.7%
HHomewood
42.6%
PPhenix City
40.4%
AAthens
38.3%
EEnterprise
38.3%
TTalladega
38.3%
AAlabaster
36.2%
CCullman
36.2%
TTroy
36.2%
FFort Payne
34%
JJasper
34%
JJacksonville
34%
FFairhope
31.9%
GGulf Shores
31.9%
VVestavia Hills
31.9%
AAlbertville
29.8%
OOpp
29.8%
Hint Answer % Correct
OOxford
27.7%
OOzark
27.7%
PPrattville
27.7%
PPelham
27.7%
DDaphne
25.5%
DDemopolis
25.5%
EEufaula
25.5%
SSylacauga
25.5%
FFoley
23.4%
GGreenville
23.4%
LLa Fayette
23.4%
NNorthport
23.4%
OOneonta
23.4%
PPrichard
23.4%
SScottsboro
23.4%
TTuskegee
23.4%
CCalera
21.3%
EEvergreen
21.3%
BBay Minette
19.1%
HHelena
19.1%
GGuntersville
17%
IIrondale
17%
LLincoln
17%
MMountain Brook
17%
RRussellville
17%
WWetumpka
17%
YYork
17%
BBoaz
14.9%
EElba
14.9%
GGardendale
14.9%
HHueytown
14.9%
TTrussville
14.9%
DDaleville
12.8%
Hint Answer % Correct
LLeeds
12.8%
NNewton
12.8%
PPell City
12.8%
RRoanoke
12.8%
UUniontown
12.8%
CClay
10.6%
IIndian Springs Village
10.6%
LLanett
10.6%
LLivingston
10.6%
RRainbow City
10.6%
SSaraland
10.6%
VVernon
10.6%
CCenter Point
8.5%
CChelsea
8.5%
EEutaw
8.5%
FFairfield
8.5%
JJemison
8.5%
SSheffield
8.5%
UUnion Springs
8.5%
WWinfield
8.5%
MMillbrook
6.4%
RRobertsdale
6.4%
WWarrior
6.4%
KKimberly
4.3%
KKinsey
4.3%
NNew Hope
4.3%
VValley
4.3%
VVincent
4.3%
RRainsville
2.1%
WWilsonville
2.1%
BBrewer
0%
VValley Grande
0%
WWeaver
0%

You're not logged in!

Compare scores with friends on all Sporcle quizzes.
Join for Free
OR
Log In

You Might Also Like...

Show Comments

Extras

Top Quizzes Today


Score Distribution

Your Account Isn't Verified!

In order to create a playlist on Sporcle, you need to verify the email address you used during registration. Go to your Sporcle Settings to finish the process.

Report this User

Report this user for behavior that violates our Community Guidelines.

Details: